| 000 | 00953nam a2200301 i 4500 | ||
|---|---|---|---|
| 005 | 20260322212059.0 | ||
| 008 | data | ||
| 010 | _a 76002221 | ||
| 020 | _a0870441973 | ||
| 020 | _a9780870441974 | ||
| 040 |
_aDLC _cDLC _dDLC |
||
| 042 | _alcac | ||
| 050 | 0 | 0 |
_aQH88 _b.R55 |
| 082 | 0 | 0 | _a574.909/5/4 |
| 092 | _a574.9 R55 1976 | ||
| 100 | 1 | _aRinard, Judith E. | |
| 245 | 1 | 0 |
_aWonders of the desert world / _cJudith E. Rinard. |
| 260 |
_a[Washington] : _bNational Geographic Society, _cc1976. |
||
| 300 |
_a30 p. : _bcol. ill. ; _c29 cm. |
||
| 440 | 0 | _aBooks for young explorers | |
| 520 | _aText and photographs discuss desert plants and animals such as the gila monster and caterpillar cactus. | ||
| 650 | 0 |
_aDesert biology _xJuvenile literature. |
|
| 650 | 1 | _aDesert plants. | |
| 650 | 1 | _aDesert animals. | |
| 906 |
_a7 _bcbc _corignew _d2 _eocip _f19 _gy-gencatlg |
||
| 991 |
_bc-GenColl _hQH88 _i.R55 _p00050202823 _tCopy 1 _wBOOKS |
||
| 001 | data | ||
| 999 |
_c1420 _d1420 |
||